| 000 | 00594cab a2200217 4500 | ||
|---|---|---|---|
| 001 | X3531 | ||
| 008 | 090401t1996 xxu||||| |||| 00| 0 eng d | ||
| 035 | _a(Sirsi) u31019 | ||
| 041 | _aeng | ||
| 245 | _aProposals to ease gaming restrictions | ||
| 260 | _c1996 | ||
| 350 | _a0 | ||
| 490 |
_aCSM (Chartered Surveyor Monthly) _v5(8) May 1996, 19(1) |
||
| 520 | _aOutlines proposals to relax restrictions on casinos and bingo clubs. | ||
| 650 | _aBINGO CLUBS | ||
| 650 | _aCASINOS | ||
| 650 | _aLICENSING HOURS | ||
| 690 | _aLEISURE AND RECREATION | ||
| 942 | _n0 | ||
| 948 | _c04/03/1997 | ||
| 999 |
_c20858 _d20858 |
||